100 Biggest Cities of Maldives on a Map - Statistics

General Stats
  • This quiz has been taken 41 times
  • The average score is 14 of 100
Answers on the Map
Answers color-coded by a green-red scale on the quiz's map according to % correct below.
 
Answer Stats
Population City % Correct
137,238 Malé
100%
9,177 Fuvahmulah
28%
65,714 Hulhumaale'
21%
936 Dhan'gethi
17%
4,289 Feydhoo, Seenu
17%
854 Feydhoo, Shaviyani
17%
4,815 Gan
17%
1,108 Hithadhoo, Laamu
17%
13,759 Hithadhoo, Seenu
17%
10,131 Kulhudhuffushi
17%
4,471 Maafushi
17%
2,580 Mahibadhoo
17%
2,542 Maradhoo
17%
3,074 Meedhoo, Seenu
17%
949 Muli
17%
4,832 Naifaru
17%
1,823 Nilandhoo
17%
1,044 Dhaandhoo
14%
1,270 Dhiffushi
14%
1,099 Dhiggaru
14%
761 Dhigurah
14%
3,412 Dhihdhoo
14%
2,581 Eydhafushi
14%
858 Faresmaathodaa
14%
922 Feeali
14%
1,000 Fenfushi
14%
2,986 Fonadhoo
14%
2,255 Funadhoo
14%
1,294 Gaafaru
14%
976 Gulhi
14%
1,743 Guraidhoo, Kaafu
14%
1,293 Guraidhoo, Thaa
14%
2,664 Hanimaadhoo
14%
2,012 Hinmafushi
14%
1,146 Hirilandhoo
14%
1,654 Huraa
14%
929 Isdhoo
14%
1,193 Kan'ditheemu
14%
1,115 Kelaa
14%
793 Kolhufushi
14%
3,131 Kudahuvadhoo
14%
1,201 Maamendhoo, Gaafu Alif
14%
879 Maamendhoo, Laamu
14%
1,379 Maavah
14%
1,219 Madaveli
14%
858 Madifushi
14%
1,760 Maduvvari
14%
1,398 Maradhoo-Feydhoo
14%
878 Mathiveri
14%
1,872 Meedhoo
14%
1,118 Meedhoo, Dhaalu
14%
2,094 Milandhoo
14%
1,426 Mulah
14%
913 Omadhoo
14%
1,282 Rasdhoo
14%
1,229 Thimarafushi
14%
6,217 Thinadhoo
14%
1,924 Thoddoo
14%
1,801 Thulusdhoo
14%
1,284 Ukulhas
14%
1,754 Un'goofaaru
14%
1,321 Veymandoo
14%
2,900 Vilin'gili
14%
1,081 Vilufushi
14%
1,859 Alifushi
10%
1,141 Baarah
10%
967 Bileiydhoo
10%
997 Dharavandhoo
10%
3,321 Dhuvaafaru
10%
1,571 Foakaidhoo
10%
1,414 Gahdhoo
10%
1,318 Gemanafushi
10%
885 Himendhoo
10%
2,286 Hinnavaru
10%
1,428 Holhudhoo
10%
764 Hulhudheli
10%
1,228 Hulhudhuffaaru
10%
1,841 Huvarafushi
10%
2,873 Ihavandhoo
10%
1,278 In'guraidhoo
10%
2,528 Kaashidhoo
10%
1,556 Ken'dhikulhudhoo
10%
1,002 Kendhoo
10%
921 Komandoo
10%
997 Kumundhoo
10%
1,171 Kurendhoo
10%
919 Maafaru
10%
956 Maakurathu
10%
2,798 Maamin'gili
10%
944 Maaun'goodhoo
10%
1,265 Makunudhoo
10%
1,745 Manadhoo
10%
934 Miladhoo
10%
1,038 Nellaidhoo
10%
1,985 Nolhivaramu
10%
1,254 Nolhivaranfaru
10%
1,625 Thulhaadhoo
10%
776 Vaikaradhoo
10%
1,832 Velidhoo
10%
885 Hoadehdhoo
7%
No matching quizzes found
Score Distribution
Percent of People with Each Score
Percentile by Number Answered
Your Score History
You have not taken this quiz